000 00638nam a2200241Ia 4500
003 OSt
005 20220924150356.0
006 a|||||r|||| 00| 0
007 ta
008 220923b |||||||| |||| 00| 0 tel d
024 _a332936
037 _cTextual
040 _aARTS
_cARTS
_btel
041 _2tel
_atel
082 _a035,1M7,13, J6
100 _aVenkatasastri Au.
_9221990
245 0 _aElamahatyamu
260 _c1956
650 _aTELUGU POETRY
700 _a Sastri Tirupati Au.
_9221991
942 _h035,1M7,13, J6
_cTEXL
_2CC
999 _c463141
_d463141